Trial by treatment: punishing illness in an age of criminal legal reform

A troubling account of the unexpected impacts of treatment-based alternatives to criminal punishment. Every year, courts send hundreds of thousands of people to treatment-based programs as alternatives to traditional punishment. These alternatives-known as 'diversion programs'-are widely c...

Ausführliche Beschreibung

Gespeichert in:  
Bibliographische Detailangaben
1. VerfasserIn: Stitt, Mary Ellen (Verfasst von)
Medienart: Druck Buch
Sprache:Englisch
Veröffentlicht: Chicago London The University of Chicago Press 2025
In:Jahr: 2025
Online-Zugang: Inhaltsverzeichnis
Bestand in Tübingen:In Tübingen vorhanden.
UB: KB 21 A 4629
Verfügbarkeit prüfen: HBZ Gateway
Subito Bestelldienst: Jetzt bestellen.
Schlagwörter:

MARC

LEADER 00000cam a2200000 c 4500
001 1907652337
003 DE-627
005 20260415215800.0
007 tu
008 241105s2025 xxu||||| 00| ||eng c
010 |a  2024038173 
020 |a 9780226840420  |q paperback  |9 978-0-226-84042-0 
020 |a 9780226840406  |q cloth  |9 978-0-226-84040-6 
035 |a (DE-627)1907652337 
035 |a (DE-599)KXP1907652337 
040 |a DE-627  |b ger  |c DE-627  |e rda 
041 |a eng 
044 |c XD-US  |c XA-GB 
050 0 |a HV9276.5 
082 0 |a 364.6/80973  |q DLC  |2 23/eng/20241031 
084 |a 2,1  |2 ssgn 
100 1 |a Stitt, Mary Ellen  |e VerfasserIn  |0 (DE-588)1383129444  |0 (DE-627)194303303X  |4 aut 
109 |a Stitt, Mary Ellen 
245 1 0 |a Trial by treatment  |b punishing illness in an age of criminal legal reform  |c Mary Ellen Stitt 
264 1 |a Chicago  |a London  |b The University of Chicago Press  |c 2025 
300 |a 243 Seiten 
336 |a Text  |b txt  |2 rdacontent 
337 |a ohne Hilfsmittel zu benutzen  |b n  |2 rdamedia 
338 |a Band  |b nc  |2 rdacarrier 
500 |a Includes bibliographical references and index 
505 8 |a Introduction: punishing illness -- Legitimation. Rescuing legitimacy: treatment-based reforms in the criminal legal system ; Extending control: diversion and the interventionist courtroom -- Assimilation. Managing risk: the design of mandated care ; Coercing care: therapist-enforcers and client-defendants in the therapeutic space -- Obfuscation. Sorting people: adjudication by social structure ; Punishing treatment: the costs of diversion -- Conclusion. 
520 |a A troubling account of the unexpected impacts of treatment-based alternatives to criminal punishment. Every year, courts send hundreds of thousands of people to treatment-based programs as alternatives to traditional punishment. These alternatives-known as 'diversion programs'-are widely celebrated as reforms that reduce the punishment of the mentally ill. But in Trial by Treatment, Mary Ellen Stitt shows that they have, in fact, expanded the reach of the criminal legal system and its power over the lives of the most vulnerable. The inner workings of diversion programs are obscure, partially by design, and data on outcomes is hard to come by. Stitt draws on two years of fieldwork in criminal courtrooms and court-mandated treatment sessions, as well as an original national dataset, in-depth interviews, and experimental survey data, to document the hidden impacts of diversion. She shows that placing mental healthcare under the control of the courts has helped to legitimize the criminalization of illness, warped treatment environments, and amplified inequalities in punishment. In vivid and humanizing detail, Trial by Treatment shows how reforms that keep power and discretion in the same hands can entrench the very problems they promised to solve"- Provided by publisher 
583 1 |a Archivierung/Langzeitarchivierung gewährleistet  |f FID  |x XA-DE-BW  |2 pdager  |5 DE-21 
650 0 |a Alternatives to imprisonment  |z United States  |0 http://id.loc.gov/authorities/subjects/sh2009114735  |2 DLC 
650 0 |a Alternatives to imprisonment  |z United States  |x Public opinion  |2 DLC 
650 0 |a Criminal justice, Administration of  |z United States  |0 http://id.loc.gov/authorities/subjects/sh86006644  |2 DLC 
650 0 |a Offenders with mental disabilities  |x Rehabilitation  |z United States  |2 DLC 
650 0 |a Pre-trial intervention  |z United States  |0 http://id.loc.gov/authorities/subjects/sh2010108008  |2 DLC 
776 1 |z 9780226840413  |c e-book 
856 4 2 |u http://www.gbv.de/dms/bowker/toc/9780226840420.pdf  |m DE-601  |q pdf/application  |v 2025-10-10  |x Aggregator  |3 Inhaltsverzeichnis  |7 1 
935 |a mkri 
951 |a BO 
ELC |b 1 
LOK |0 000 xxxxxcx a22 zn 4500 
LOK |0 001 4765121119 
LOK |0 003 DE-627 
LOK |0 004 1907652337 
LOK |0 005 20251017084007 
LOK |0 008 250828||||||||||||||||ger||||||| 
LOK |0 040   |a DE-21  |c DE-627  |d DE-21 
LOK |0 852   |a DE-21 
LOK |0 852 1  |c KB 21 A 4629  |9 00 
LOK |0 935   |a krim 
LOK |0 938   |a 2510  |f 34 
LOK |0 939   |a 2025-08-28  |b l01 
LOK |0 000 xxxxxcx a22 zn 4500 
LOK |0 001 4740933810 
LOK |0 003 DE-627 
LOK |0 004 1907652337 
LOK |0 005 20251124140832 
LOK |0 008 250701||||||||||||||||ger||||||| 
LOK |0 040   |a DE-Frei85  |c DE-627  |d DE-Frei85 
LOK |0 852   |a DE-Frei85 
LOK |0 852 1  |m p  |9 00 
LOK |0 938   |k p 
LOK |0 939   |a 2025-07-01  |b l01 
ORI |a WA-MARC-krimdoka001.raw 
SIG |a UB: KB 21 A 4629